| 000 | 02131nam a2200505 a 4500 | ||
|---|---|---|---|
| 999 |
_c165618 _d165618 |
||
| 003 | BLK | ||
| 005 | 20250128005502.0 | ||
| 008 | 180410b bul|||||r ||||||| ||bul|| | ||
| 010 | _aKNG00173241000 | ||
| 040 | _aBLK | ||
| 041 |
_aBUL _cBUL |
||
| 072 | 7 |
_2bullib _aК _xКраезнание |
|
| 072 | 7 |
_2bullib _aА _xФонд Михаил Арнаудов |
|
| 080 |
_aОрганизация на възпитанието и образованието. Училищно дело. _b37.09 _x(09) _z37.09(09) |
||
| 100 |
_aГечев, Минко Минков _9262764 |
||
| 139 |
_aГечев, Минко Минков _bГ 44 |
||
| 245 | 1 | 0 |
_aКилийните училища в България _bСъздаване и разпространение _cМинко Минков Гечев |
| 257 | _aBGR | ||
| 260 |
_bНар. просв. _c1967 _fВ. Търново : Д. Найденов _aСофия |
||
| 300 |
_a131 с. _c20 см |
||
| 380 | _a3 | ||
| 490 |
_9396381 _aЧастна колекция - Академик Михаил Арнаудов _gДарение - Основен фонд |
||
| 500 | _aИзд. на НИИ по педагогика Тодор Самодумов при МНП. - Рез. на рус. и фр. ез. - Фонд Михаил Арнаудов - мека подв. | ||
| 650 | 4 |
_aУчилища - България - история _9244251 |
|
| 650 | 0 |
_aБългария - история, османско владичество _9245876 |
|
| 650 | 4 |
_aОбразование - България - история _9252405 |
|
| 651 | 4 |
_aБългария _9241624 |
|
| 653 | _aобразование | ||
| 653 | _aучилища | ||
| 653 | _aистория | ||
| 653 | _aосманско владичество | ||
| 659 | _aА | ||
| 659 | _aК | ||
| 852 |
_aЦб 42937 _bЦб |
||
| 852 | _aК 37.09/Г 44 Мк | ||
| 852 | _aМА 1610 | ||
| 856 | 4 | _qpdf | |
| 856 | 4 | _qpdf | |
| 942 |
_cKNG _n0 _s1 |
||
| 944 |
_aCR _c18.03.2015 _k _lCRON CRON |
||
| 944 |
_aED _c16.03.2017 _kГеновева_Генчева |
||
| 999 | _d165618 | ||
| 999 | _d165618 | ||
| 999 | _d165618 | ||